| 000 | 01419cam a22003374a 4500 | ||
|---|---|---|---|
| 001 | 13658807 | ||
| 003 | OSt | ||
| 005 | 20150408113925.0 | ||
| 008 | 040719s2004 caua 001 0 eng | ||
| 010 | _a 2004016628 | ||
| 020 | _a1578202418 (alk. paper) | ||
| 020 | _a9781578202416 | ||
| 040 |
_aDLC _cDLC _dDLC |
||
| 042 | _apcc | ||
| 050 | 0 | 0 |
_aLB1027 _b.C267 2004 |
| 082 | 0 | 0 |
_a371.33467/8 _222 |
| 100 | 1 |
_aCarlson, Gigi. _94844 |
|
| 245 | 1 | 0 |
_aDigital media in the classroom : _bincrease the learning potential of today's digital generation / _cGigi Carlson ; illustrations by Amyel Oliveros. |
| 260 |
_aSan Francisco : _bCMP Books ; _aBerkeley, CA : _bDistributed to the book trade in the U.S. by Publishers Group, _cc2004. |
||
| 300 |
_aviii, 229 p. : _bill. ; _c25 cm. + _e1 CD-ROM (4 3/4 in.) |
||
| 440 | 0 |
_aDigital media academy _94845 |
|
| 500 | _aIncludes index. | ||
| 650 | 0 |
_aEducational innovations. _94846 |
|
| 650 | 0 |
_aDigital media. _94847 |
|
| 650 | 0 |
_aInternet in education. _94848 |
|
| 856 | 4 | 1 |
_3Table of contents _uhttp://www.loc.gov/catdir/toc/ecip0420/2004016628.html |
| 856 | 4 | 2 |
_3Publisher description _uhttp://www.loc.gov/catdir/enhancements/fy0703/2004016628-d.html |
| 906 |
_a7 _bcbc _corignew _d1 _eecip _f20 _gy-gencatlg |
||
| 942 |
_2ddc _cBOOK |
||
| 999 |
_c15287 _d249787 |
||